|
|
|
|
| LEADER |
00828nam a2200241 a 4500 |
| 001 |
2214494 |
| 008 |
091102s2004 ii b 001 0 eng d |
| 999 |
|
|
|c 7318
|d 7318
|
| 010 |
|
|
|a 74900891
|
| 020 |
|
|
|a 8170127882
|
| 040 |
|
|
|a DLC
|c DLC
|d DLC
|
| 082 |
0 |
0 |
|a 346.54066
|2 22
|
| 100 |
1 |
|
|a Singh, Avtar,
|d 1932-
|9 968
|
| 245 |
1 |
0 |
|a Company law /
|c Avtar singh
|
| 250 |
|
|
|a 14th ed.
|
| 260 |
|
|
|a Lucknow,
|b Eastern Book Co.
|c 2004
|
| 300 |
|
|
|a CXXViii, 736 p.
|c 23 cm.
|
| 504 |
|
|
|a Icludes bibliographical reference and index.
|
| 541 |
1 |
|
|e 00012532
|
| 650 |
|
0 |
|a Corporation law
|z India.
|9 969
|
| 852 |
4 |
|
|a Ayesha Abed Library
|j General Shelf
|
| 942 |
|
|
|2 ddc
|c BK
|0 1
|
| 952 |
|
|
|0 0
|1 0
|2 ddc
|4 0
|6 347_700000000000000_SIN
|7 0
|9 7766
|a BRACUL
|b BRACUL
|c GEN
|d 2010-02-03
|g 398.00
|l 16
|m 85
|o 347.7 SIN
|p 3010012532
|r 2022-09-13
|s 2022-06-20
|t 1
|w 2010-02-03
|y BK
|